Alcoholic Drink to Country - Statistics

General Stats
  • This quiz has been taken 398 times
  • The average score is 9 of 20
Answer Stats
Alkoholic Drink Country % Correct
Sake Japan
98%
Limoncello Italy
88%
Ouzo Greece
81%
Baijiu China
78%
Cachaça Brazil
69%
Soju South and North Korea
69%
Pastis France
68%
Ginjinha or Ginja Portugal
52%
Sahti Finland
46%
Sato Thailand
46%
Horilka Ukraine
42%
Unicum Hungary
39%
Amarula South Africa
39%
Brennivin Iceland
38%
Midus Lithuania
19%
Singani Bolivia
17%
Chacha Georgia
14%
Tej Ethiopia /Eritrea
13%
Boukha Tunisia
8%
Clairin (or Kleren) Haiti
7%
No matching quizzes found
Score Distribution
Percent of People with Each Score
Percentile by Number Answered
Your Score History
You have not taken this quiz